00502nam a2200169 450000500170000001000150001702000270003203500140005903700090007308200080008210000260009024500730011625000060018926000580019527000590025330000200031220260318122602.0 aENG-147895 c1480.00a9789349750425 aEN-131427 bDBAD a515 aHosseini, Hossein Giv aMathematical Analysis and its Inherent Nature/cHossein Hosseini Giv a1 aHyderabadbUniversities Press (India) Pvt. Ltd.c2026 a3-6-747/A & 3-6-754/1, HimayatnagarbHyderabade500029 a348p.c24cm(pb)